000 00223 a2200097 4500
001 18174
100 _aQadri, A A
245 _aIslamicjurisprudence in the modern world
260 _a
_bSh M Ashraf
_c
090 _c13468
_d13468
942 _aNUST-CAE
_cM
_c3856
999 _c253247
_d253247